| 000 | 00779nam a22002417a 4500 | ||
|---|---|---|---|
| 999 |
_c14187 _d14187 |
||
| 003 | AR-CdUCM | ||
| 008 | 190422b ||||| |||| 00| 0 spa d | ||
| 020 | _a978-987-751-529-9 | ||
| 040 |
_aMUNICIPALIDAD PROVINCIAL DEL CUSCO _cBIBLIOTECA MUNICIPAL DEL CUSCO |
||
| 041 | _hspa | ||
| 082 |
_aEP / 376.1 / _bD66 |
||
| 110 |
_aDisney Pixar _932825 |
||
| 245 | _aCars 3 / | ||
| 260 |
_aBuenos Aires : _bGuadal, _c2017. |
||
| 300 |
_a61 páginas ; _bIlustraciones, _c28 cm. |
||
| 500 | _aDespués del titulo: Conoce la historia y los personajes de esta fascinante aventura. | ||
| 505 | _aContenido: Cars 3. | ||
| 650 |
_aLiteratura infantil _9588 |
||
| 650 |
_aLibro de entretenimiento _932861 |
||
| 650 |
_aInfantil _96210 |
||
| 942 |
_2ddc _cLIBROS |
||
| 945 |
_acmm _d2019-04-22 |
||